[Event "Magistrale 6th"]
[Site "Bassano del Grappa"]
[Date "2006.12.30"]
[Round "7.9"]
[White "Valsecchi, Alessio"]
[Black "Fantini, Adriano"]
[Result "1-0"]
[WhiteElo "2030"]
[BlackElo "1972"]
[PlyCount "59"]
[EventDate "2006.12.26"]
[EventType "swiss"]
[EventRounds "7"]
[EventCountry "ITA"]
[SourceTitle "EXT 2023"]
[Source "ChessBase"]
[SourceDate "2022.10.05"]
[SourceVersion "1"]
[SourceVersionDate "2022.10.05"]
[SourceQuality "1"]

1. e4 c6 2. d4 d5 3. e5 Bf5 4. h4 h6 5. g4 Bc8 6. c3 e6 7. f4 Ne7 8. h5 Nd7 9. Nf3 Nb6 10. Kf2 Bd7 11. a4 Qc7 12. Na3 Ng8 13. Kg3 Be7 14. b3 a6 15. c4 Bxa3 16. Bxa3 dxc4 17. bxc4 Ne7 18. Rh2 Nbc8 19. Nd2 Qd8 20. Qf3 Ra7 21. Bd3 b5 22. Bc5 Rc7 23. Ne4 0-0 24. Nd6 bxc4 25. Bxc4 a5 26. Bd3 f5 27. gxf5 Nxf5+ 28. Nxf5 exf5 29. Bc4+ Kh8 30. Bxf8 1-0

[Event "Pedavena op-A 2nd"]
[Site "Pedavena"]
[Date "2006.08.04"]
[Round "5"]
[White "Tomio, Dante"]
[Black "Fantini, Adriano"]
[Result "1/2-1/2"]
[WhiteElo "1969"]
[BlackElo "1760"]
[PlyCount "57"]
[EventDate "2006.08.01"]
[EventType "swiss"]
[EventRounds "7"]
[EventCountry "ITA"]
[SourceTitle "EXT 2023"]
[Source "ChessBase"]
[SourceDate "2022.10.05"]
[SourceVersion "1"]
[SourceVersionDate "2022.10.05"]
[SourceQuality "1"]

1. d4 d5 2. Nf3 Nf6 3. Bg5 Bf5 4. e3 e6 5. c3 Be7 6. Qb3 b6 7. Ne5 0-0 8. Nd2 Nfd7 9. Bf4 Nxe5 10. dxe5 c5 11. Be2 Nd7 12. Nf3 c4 13. Qd1 Nc5 14. 0-0 Bd3 15. Ne1 Bxe2 16. Qxe2 f6 17. Rc1 Qe8 18. Nc2 Qg6 19. Nd4 fxe5 20. Bxe5 Bf6 21. Bd6 Bxd4 22. exd4 Nd3 23. f4 Rf7 24. Rf3 Rd8 25. Rg3 Qf5 26. Be5 Nxf4 27. Bxf4 Qxf4 28. Qxe6 Qf2+ 29. Kh1 1/2-1/2

[Event "Pedavena op-A 2nd"]
[Site "Pedavena"]
[Date "2006.08.02"]
[Round "2"]
[White "De Zaiacomo, Tonino"]
[Black "Fantini, Adriano"]
[Result "0-1"]
[WhiteElo "1898"]
[BlackElo "1760"]
[PlyCount "54"]
[EventDate "2006.08.01"]
[EventType "swiss"]
[EventRounds "7"]
[EventCountry "ITA"]
[SourceTitle "EXT 2023"]
[Source "ChessBase"]
[SourceDate "2022.10.05"]
[SourceVersion "1"]
[SourceVersionDate "2022.10.05"]
[SourceQuality "1"]

1. d4 d5 2. c4 e5 3. e3 exd4 4. exd4 Nf6 5. Nc3 Be7 6. Nf3 0-0 7. cxd5 Re8 8. Be2 Nxd5 9. 0-0 Nf6 10. h3 b6 11. Bf4 Bb7 12. Rc1 c5 13. Nb5 Nc6 14. Nc7 Nd5 15. Nxd5 Qxd5 16. Bc4 Qf5 17. Be3 Rad8 18. g4 Qg6 19. Bd3 Qd6 20. Bb1 cxd4 21. Qc2 d3 22. Qd2 Ne5 23. Nxe5 Qxe5 24. Bf4 Qd5 25. f3 Bc5+ 26. Rxc5 Qxc5+ 27. Rf2 Re2 0-1

[Event "Pedavena op-A 2nd"]
[Site "Pedavena"]
[Date "2006.08.01"]
[Round "1"]
[White "Bini, Lorenzo"]
[Black "Fantini, Adriano"]
[Result "1-0"]
[WhiteElo "2039"]
[BlackElo "1760"]
[PlyCount "70"]
[EventDate "2006.08.01"]
[EventType "swiss"]
[EventRounds "7"]
[EventCountry "ITA"]
[SourceTitle "EXT 2023"]
[Source "ChessBase"]
[SourceDate "2022.10.05"]
[SourceVersion "1"]
[SourceVersionDate "2022.10.05"]
[SourceQuality "1"]

1. f4 e5 2. d3 Nc6 3. Nf3 d6 4. g3 Nf6 5. Nc3 Be7 6. Bg2 Rb8 7. 0-0 Bg4 8. h3 Bd7 9. g4 h6 10. e4 Nh7 11. Nd5 f6 12. d4 exf4 13. Nxf4 g5 14. Ng6 Rg8 15. Nxe7 Nxe7 16. Qd3 Ng6 17. Bd2 Nhf8 18. Rae1 Be6 19. Rf2 Nd7 20. e5 fxe5 21. dxe5 Ndxe5 22. Nxe5 dxe5 23. Qc3 Qd6 24. Be3 b6 25. Rd2 Qe7 26. Bc6+ Kf7 27. Be4 Rbd8 28. Rf2+ Ke8 29. Bxg6+ Rxg6 30. Qxe5 Rd5 31. Qh8+ Kd7 32. Qa8 a5 33. Rf8 Kd6 34. Bf2 Qg7 35. Rd8+ Bd7 1-0

[Event "Treviso op-B 27th"]
[Site "Treviso"]
[Date "2003.12.08"]
[Round "5.14"]
[White "Ballarin, Gabriele"]
[Black "Fantini, Adriano"]
[Result "1-0"]
[WhiteElo "1624"]
[BlackElo "1600"]
[PlyCount "53"]
[EventDate "2003.12.06"]
[EventType "swiss"]
[EventRounds "5"]
[EventCountry "ITA"]
[SourceTitle "EXT 2024"]
[Source "ChessBase"]
[SourceDate "2023.10.10"]
[SourceVersion "1"]
[SourceVersionDate "2023.10.10"]
[SourceQuality "1"]

1. e4 e5 2. Nc3 Nf6 3. Bc4 Nc6 4. d3 Be7 5. f4 d6 6. Nf3 Bg4 7. h3 Bxf3 8. Qxf3 Nd4 9. Qg3 0-0 10. Kd1 Nd7 11. Rf1 c6 12. a3 Bf6 13. f5 Qe7 14. Be3 Bh4 15. Qh2 c5 16. Nd5 Qd8 17. c3 Nc6 18. g3 Bg5 19. Bf2 Nb6 20. Nxb6 Qxb6 21. Kc2 a5 22. h4 Bf6 23. g4 h6 24. Be3 Qd8 25. g5 hxg5 26. hxg5 Bxg5 27. Rh1 1-0